Geography True or False (US) - Statistics

General Stats
  • This quiz has been taken 51 times
  • The average score is 20 of 25
Answer Stats
Question Answer % Correct
Mt Whitney is the highest point in North America False
100%
Mt Rushmore has 4 presidents carved into it True
95%
The Mississippi River runs from Minnesota to the Gulf of Mexico in Louisiana True
95%
Independence Hall is in Washington, DC False
90%
The Gateway Arch is located in Kansas City False
90%
The Appalachian mountains are higher than the Rockies False
90%
Mt Denali is located in Alaska True
90%
Florida is nicknamed the Sunshine state True
90%
Phoenix is the capital and biggest city in Arizona True
90%
There is a football team that plays in Green Bay, Wisconsin True
90%
Chicago is the capital of Illinois False
86%
Lake Tahoe is located entirely in Nevada False
86%
The Statue of Liberty is located in Albany, NY False
86%
The capital of Tennessee is Nashville True
86%
Breaking Bad took place in Albuquerque, NM True
86%
Houston is the biggest city in Texas True
81%
California is the 2nd biggest state in the US False
76%
Yellowstone is a dormant supervolcano True
71%
Lake Michigan is located entirely within the US True
71%
Mt Washington in New Hampshire is the highest point in New England True
71%
Mt Hood is located in Washington state False
62%
Mt Elbert is the highest point in the Rocky mountains True
62%
The New Orleans Saints play at the Caesars Superdome True
57%
Paul Revere made his midnight ride out of Boston True
52%
Mt St Helens erupted in 1981 False
43%
No matching quizzes found
Score Distribution
Percent of People with Each Score
Percentile by Number Answered
Your Score History
You have not taken this quiz